000 01226cam a22002535a 4500
001 L144312
008 080709s2008 xxk f lf000 0 eng d
035 _a(Sirsi) u144312
041 0 _aeng
050 0 4 _a346.41043 $2 18
110 2 _aUnited Kingdom
_bLand Registry
_94774
245 0 4 _aThe Land Registration (Electronic Conveyancing) Rules 2008
_h[electronic resource]
260 _aLondon
_bOPSI
_c2008
490 0 _aSI
_v(1750) 2008
505 2 _aCitation and commencement -- Interpretation -- Electronic legal charges -- Registrar's acknowledgement of time and date that an electronic legal charge took effect -- Amendments to the principal rules -- Disapplication of certain provisions in the principal rules
520 _aLegislation provides interpretation, extent and definitions for electronic conveyancing in England and Wales. Comes into force 4 August 2008.
521 _aAdvanced
590 _aKA NTK
650 2 4 _aLAND REGISTRATION ACT 2002
651 4 _aEngland and Wales
_y1543-
690 _aPROPERTY-PROPERTY ACQUISITION AND DISPOSAL-CONVEYANCING-ECONVEYANCING
856 4 8 _uhttps://www.opsi.gov.uk/si/si2008/uksi_20081750_en_1
_zView the item free of charge at www.opsi.gov.uk...
942 _n0
999 _c108450
_d108450